| 000 | 00938cam a22002654a 4500 | ||
|---|---|---|---|
| 001 | 16179078 | ||
| 003 | ARRUPE | ||
| 005 | 20160301111406.0 | ||
| 008 | 100409s2010 miu b 001 0 eng | ||
| 010 | _a 2010014677 | ||
| 020 | _a9780801031014 (pbk.) | ||
| 040 |
_aDLC _cDLC _dDLC |
||
| 050 | 0 | 0 |
_aBS680.H4 _bG35 2010 |
| 082 | 0 | 0 |
_a234/.131 _222 |
| 100 | 1 |
_aGaiser, Frederick J. _922613 |
|
| 245 | 1 | 0 |
_aHealing in the Bible : _btheological insight for Christian ministry / _cFrederick J. Gaiser. |
| 260 |
_aGrand Rapids, MI : _bBaker Academic, _cc2010. |
||
| 300 |
_axii, 276 p. ; _c23 cm. |
||
| 504 | _aIncludes bibliographical references (p. 251-260) and indexes. | ||
| 650 | 0 |
_aHealing _xBiblical teaching. _922614 |
|
| 650 | 0 |
_aPastoral theology. _9322 |
|
| 906 |
_a7 _bcbc _corignew _d1 _eecip _f20 _gy-gencatlg |
||
| 942 |
_2lcc _cMONOGRAPH |
||
| 999 |
_c124263 _d124263 |
||